Rugby - XV de France : Coupe du Monde 2023 - Statistiques

Statistiques générales
  • Ce quiz a été pris 7 334 fois
  • Le résultat moyen est 24 sur 33
Statistiques - réponses
Poste Joueur Club % Correct
Demi de mêlée Antoine Dupont Stade Toulousain
97%
Arrière Thomas Ramos Stade Toulousain
92%
Ailier Damian Penaud Union Bordeaux-Bègles
89%
Demi de mêlée Maxime Lucu Union Bordeaux-Bègles
89%
Talonneur Julien Marchand Stade Toulousain
88%
Demi d'ouverture Matthieu Jalibert Union Bordeaux-Bègles
88%
Talonneur Peato Mauvaka Stade Toulousain
87%
Pilier Uini Atonio Stade Rochelais
86%
Pilier Cyril Baille Stade Toulousain
85%
Centre Gaël Fickou Racing 92
83%
3e ligne Grégory Alldritt Stade Rochelais
81%
Ailier Louis Bielle-Biarrey Union Bordeaux-Bègles
78%
3e ligne Charles Ollivon Rugby Club Toulonnais
77%
3e ligne François Cros Stade Toulousain
76%
2e ligne Thibaud Flament Stade Toulousain
75%
Centre Yoram Moefana Union Bordeaux-Bègles
75%
Pilier Jean-Baptiste Gros Rugby Club Toulonnais
74%
Ailier Gabin Villière Rugby Club Toulonnais
70%
Centre Jonathan Danty Stade Rochelais
70%
3e ligne Anthony Jelonch Stade Toulousain
69%
Demi d'ouverture Antoine Hastoy Stade Rochelais
69%
Arrière Melvyn Jaminet Stade Toulousain
69%
Demi de mêlée Baptiste Couilloud Lyon olympique universitaire Rugby
65%
2e ligne Cameron Woki Racing 92
64%
Pilier Dorian Aldegheri Stade Toulousain
64%
3e ligne Sekou Macalou Stade Français
58%
Pilier Reda Wardi Stade Rochelais
57%
3e ligne Paul Boudehent Stade Rochelais
56%
2e ligne Romain Taofifenua Lyon olympique universitaire Rugby
56%
Talonneur Pierre Bourgarit Stade Rochelais
55%
Centre Arthur Vincent Montpellier Hérault Rugby
53%
Pilier Sipili Falatea Union Bordeaux-Bègles
36%
2e ligne Bastien Chalureau Montpellier Hérault Rugby
35%
Aucun quiz correspondant
Distribution des résultats
% des personnes avec chaque résultat
Percentile par nombre de réponses
Votre historique - résultats
Vous n’avez pas pris ce quiz